20 Punti Casuali su una Mappa del Mondo Senza Confini - Statistics

Statistiche generali
  • Questo quiz è stato fatto 4.831 volte
  • Il punteggio medio è 15 su 20
Risposte nella Mappa
Le risposte nella mappa del quiz sottostante sono codificate secondo una scala di colori dal rosso al verde in base alla % di persone che hanno risposto correttamente.
 
Statistiche sulle risposte
Paese % Corretto
Algeria
100%
Argentina
100%
Argentina
100%
Argentina
100%
Argentina
100%
Argentina
100%
Argentina
100%
Australia
100%
Australia
100%
Australia
100%
Australia
100%
Australia
100%
Australia
100%
Australia
100%
Australia
100%
Brasile
100%
Brasile
100%
Brasile
100%
Brasile
100%
Brasile
100%
Brasile
100%
Brasile
100%
Brasile
100%
Brasile
100%
Brasile
100%
Brasile
100%
Brasile
100%
Brasile
100%
Brasile
100%
Brasile
100%
Brasile
100%
Brasile
100%
Brasile
100%
Brasile
100%
Brasile
100%
Brasile
100%
Brasile
100%
Brasile
100%
Brasile
100%
Brasile
100%
Brasile
100%
Brasile
100%
Brasile
100%
Brasile
100%
Brasile
100%
Brasile
100%
Brasile
100%
Brasile
100%
Brasile
100%
Brasile
100%
Brasile
100%
Brasile
100%
Canada
100%
Canada
100%
Canada
100%
Canada
100%
Canada
100%
Canada
100%
Canada
100%
Canada
100%
Canada
100%
Canada
100%
Canada
100%
Canada
100%
Canada
100%
Canada
100%
Canada
100%
Canada
100%
Canada
100%
Canada
100%
Canada
100%
Canada
100%
Canada
100%
Canada
100%
Canada
100%
Canada
100%
Canada
100%
Canada
100%
Canada
100%
Canada
100%
Canada
100%
Canada
100%
Canada
100%
Canada
100%
Canada
100%
Canada
100%
Canada
100%
Canada
100%
Canada
100%
Canada
100%
Canada
100%
Canada
100%
Canada
100%
Canada
100%
Canada
100%
Canada
100%
Canada
100%
Canada
100%
Canada
100%
Canada
100%
Canada
100%
Canada
100%
Canada
100%
Canada
100%
Canada
100%
Canada
100%
Canada
100%
Canada
100%
Canada
100%
Canada
100%
Canada
100%
Canada
100%
Canada
100%
Canada
100%
Canada
100%
Canada
100%
Canada
100%
Canada
100%
Canada
100%
Canada
100%
Canada
100%
Canada
100%
Canada
100%
Canada
100%
Canada
100%
Canada
100%
Canada
100%
Canada
100%
Canada
100%
Canada
100%
Canada
100%
Canada
100%
Canada
100%
Canada
100%
Canada
100%
Canada
100%
Canada
100%
Canada
100%
Canada
100%
Canada
100%
Canada
100%
Canada
100%
Canada
100%
Canada
100%
Canada
100%
Canada
100%
Canada
100%
Canada
100%
Canada
100%
Canada
100%
Canada
100%
Canada
100%
Canada
100%
Canada
100%
Canada
100%
Canada
100%
Canada
100%
Canada
100%
Canada
100%
Canada
100%
Canada
100%
Canada
100%
Canada
100%
Canada
100%
Canada
100%
Canada
100%
Canada
100%
Canada
100%
Canada
100%
Canada
100%
Canada
100%
Canada
100%
Canada
100%
Canada
100%
Canada
100%
Canada
100%
Canada
100%
Canada
100%
Canada
100%
Canada
100%
Canada
100%
Canada
100%
Canada
100%
Canada
100%
Canada
100%
Canada
100%
Canada
100%
Canada
100%
Canada
100%
Canada
100%
Canada
100%
Canada
100%
Canada
100%
Canada
100%
Canada
100%
Canada
100%
Canada
100%
Canada
100%
Canada
100%
Canada
100%
Canada
100%
Canada
100%
Canada
100%
Canada
100%
Canada
100%
Canada
100%
Canada
100%
Canada
100%
Canada
100%
Canada
100%
Canada
100%
Canada
100%
Canada
100%
Canada
100%
Canada
100%
Canada
100%
Canada
100%
Canada
100%
Canada
100%
Canada
100%
Canada
100%
Canada
100%
Canada
100%
Canada
100%
Canada
100%
Canada
100%
Canada
100%
Canada
100%
Canada
100%
Cile
100%
Cile
100%
Cile
100%
Cile
100%
Cina
100%
Cina
100%
Cina
100%
Cina
100%
Cina
100%
Cina
100%
Cina
100%
Cina
100%
Cina
100%
Cina
100%
Cina
100%
Cina
100%
Cina
100%
Cina
100%
Colombia
100%
Colombia
100%
Colombia
100%
Colombia
100%
Corea del Sud
100%
Danimarca
100%
Danimarca
100%
Danimarca
100%
Danimarca
100%
Danimarca
100%
Danimarca
100%
Danimarca
100%
Danimarca
100%
Danimarca
100%
Danimarca
100%
Danimarca
100%
Danimarca
100%
Danimarca
100%
Danimarca
100%
Danimarca
100%
Egitto
100%
Egitto
100%
Francia
100%
Francia
100%
Francia
100%
Francia
100%
Francia
100%
Francia
100%
Francia
100%
Germania
100%
Giappone
100%
Giappone
100%
India
100%
India
100%
India
100%
India
100%
India
100%
India
100%
Islanda
100%
Islanda
100%
Islanda
100%
Italia
100%
Italia
100%
Italia
100%
Italia
100%
Malta
100%
Marocco
100%
Messico
100%
Messico
100%
Messico
100%
Messico
100%
Messico
100%
Messico
100%
Messico
100%
Messico
100%
Messico
100%
Messico
100%
Messico
100%
Messico
100%
Norvegia
100%
Norvegia
100%
Panama
100%
Perù
100%
Perù
100%
Perù
100%
Perù
100%
Perù
100%
Perù
100%
Portogallo
100%
Regno Unito
100%
Regno Unito
100%
Russia
100%
Russia
100%
Russia
100%
Russia
100%
Russia
100%
Russia
100%
Russia
100%
Russia
100%
Russia
100%
Russia
100%
Russia
100%
Russia
100%
Russia
100%
Russia
100%
Russia
100%
Russia
100%
Russia
100%
Russia
100%
Russia
100%
Russia
100%
Russia
100%
Russia
100%
Russia
100%
Russia
100%
Russia
100%
Russia
100%
Russia
100%
Russia
100%
Russia
100%
Russia
100%
Russia
100%
Russia
100%
Russia
100%
Russia
100%
Russia
100%
Russia
100%
Russia
100%
Russia
100%
Russia
100%
Russia
100%
Russia
100%
Russia
100%
Russia
100%
Russia
100%
Russia
100%
Russia
100%
Russia
100%
Russia
100%
Russia
100%
Russia
100%
Russia
100%
Russia
100%
Russia
100%
Russia
100%
Russia
100%
Russia
100%
Russia
100%
Russia
100%
Russia
100%
Russia
100%
Russia
100%
Russia
100%
Russia
100%
Russia
100%
Russia
100%
Russia
100%
Russia
100%
Russia
100%
Russia
100%
Russia
100%
Russia
100%
Russia
100%
Russia
100%
Russia
100%
Russia
100%
Russia
100%
Russia
100%
Russia
100%
Russia
100%
Russia
100%
Russia
100%
Russia
100%
Russia
100%
Russia
100%
Russia
100%
Russia
100%
Russia
100%
Russia
100%
Russia
100%
Russia
100%
Russia
100%
Russia
100%
Russia
100%
Russia
100%
Russia
100%
Russia
100%
Russia
100%
Russia
100%
Russia
100%
Russia
100%
Russia
100%
Russia
100%
Russia
100%
Russia
100%
Russia
100%
Russia
100%
Russia
100%
Russia
100%
Russia
100%
Russia
100%
Russia
100%
Russia
100%
Russia
100%
Russia
100%
Russia
100%
Russia
100%
Russia
100%
Russia
100%
Russia
100%
Russia
100%
Russia
100%
Russia
100%
Russia
100%
Russia
100%
Russia
100%
Russia
100%
Russia
100%
Russia
100%
Russia
100%
Russia
100%
Russia
100%
Russia
100%
Russia
100%
Russia
100%
Russia
100%
Russia
100%
Spagna
100%
Spagna
100%
Spagna
100%
Spagna
100%
Spagna
100%
Spagna
100%
Stati Uniti
100%
Stati Uniti
100%
Stati Uniti
100%
Stati Uniti
100%
Stati Uniti
100%
Stati Uniti
100%
Stati Uniti
100%
Stati Uniti
100%
Stati Uniti
100%
Stati Uniti
100%
Stati Uniti
100%
Stati Uniti
100%
Stati Uniti
100%
Stati Uniti
100%
Stati Uniti
100%
Stati Uniti
100%
Stati Uniti
100%
Stati Uniti
100%
Stati Uniti
100%
Stati Uniti
100%
Stati Uniti
100%
Stati Uniti
100%
Stati Uniti
100%
Stati Uniti
100%
Stati Uniti
100%
Stati Uniti
100%
Stati Uniti
100%
Stati Uniti
100%
Stati Uniti
100%
Stati Uniti
100%
Stati Uniti
100%
Stati Uniti
100%
Stati Uniti
100%
Stati Uniti
100%
Stati Uniti
100%
Stati Uniti
100%
Stati Uniti
100%
Stati Uniti
100%
Stati Uniti
100%
Stati Uniti
100%
Stati Uniti
100%
Stati Uniti
100%
Stati Uniti
100%
Stati Uniti
100%
Stati Uniti
100%
Stati Uniti
100%
Stati Uniti
100%
Stati Uniti
100%
Stati Uniti
100%
Stati Uniti
100%
Stati Uniti
100%
Stati Uniti
100%
Stati Uniti
100%
Stati Uniti
100%
Stati Uniti
100%
Stati Uniti
100%
Stati Uniti
100%
Stati Uniti
100%
Stati Uniti
100%
Stati Uniti
100%
Stati Uniti
100%
Stati Uniti
100%
Stati Uniti
100%
Stati Uniti
100%
Stati Uniti
100%
Stati Uniti
100%
Stati Uniti
100%
Stati Uniti
100%
Stati Uniti
100%
Stati Uniti
100%
Stati Uniti
100%
Stati Uniti
100%
Stati Uniti
100%
Stati Uniti
100%
Stati Uniti
100%
Stati Uniti
100%
Stati Uniti
100%
Stati Uniti
100%
Stati Uniti
100%
Stati Uniti
100%
Stati Uniti
100%
Stati Uniti
100%
Stati Uniti
100%
Stati Uniti
100%
Stati Uniti
100%
Stati Uniti
100%
Stati Uniti
100%
Stati Uniti
100%
Stati Uniti
100%
Stati Uniti
100%
Stati Uniti
100%
Stati Uniti
100%
Stati Uniti
100%
Stati Uniti
100%
Stati Uniti
100%
Stati Uniti
100%
Stati Uniti
100%
Stati Uniti
100%
Stati Uniti
100%
Stati Uniti
100%
Stati Uniti
100%
Stati Uniti
100%
Stati Uniti
100%
Stati Uniti
100%
Stati Uniti
100%
Stati Uniti
100%
Stati Uniti
100%
Stati Uniti
100%
Stati Uniti
100%
Stati Uniti
100%
Stati Uniti
100%
Stati Uniti
100%
Stati Uniti
100%
Stati Uniti
100%
Stati Uniti
100%
Stati Uniti
100%
Stati Uniti
100%
Stati Uniti
100%
Stati Uniti
100%
Stati Uniti
100%
Stati Uniti
100%
Stati Uniti
100%
Stati Uniti
100%
Stati Uniti
100%
Stati Uniti
100%
Stati Uniti
100%
Stati Uniti
100%
Stati Uniti
100%
Stati Uniti
100%
Stati Uniti
100%
Stati Uniti
100%
Stati Uniti
100%
Stati Uniti
100%
Stati Uniti
100%
Stati Uniti
100%
Stati Uniti
100%
Stati Uniti
100%
Stati Uniti
100%
Stati Uniti
100%
Stati Uniti
100%
Stati Uniti
100%
Stati Uniti
100%
Stati Uniti
100%
Stati Uniti
100%
Stati Uniti
100%
Stati Uniti
100%
Stati Uniti
100%
Stati Uniti
100%
Stati Uniti
100%
Stati Uniti
100%
Stati Uniti
100%
Stati Uniti
100%
Stati Uniti
100%
Stati Uniti
100%
Stati Uniti
100%
Svezia
100%
Svezia
100%
Tunisia
100%
Turchia
100%
Turchia
100%
Yemen
100%
Brasile
96%
Brasile
96%
Canada
96%
Canada
96%
Russia
96%
Stati Uniti
96%
Argentina
95%
Australia
95%
Canada
95%
Canada
95%
Canada
95%
Canada
95%
Canada
95%
Canada
95%
Canada
95%
Canada
95%
Canada
95%
Canada
95%
Canada
95%
Canada
95%
Canada
95%
Canada
95%
Canada
95%
Canada
95%
Cile
95%
Danimarca
95%
Irlanda
95%
Marocco
95%
Messico
95%
Messico
95%
Regno Unito
95%
Russia
95%
Russia
95%
Russia
95%
Russia
95%
Russia
95%
Russia
95%
Russia
95%
Russia
95%
Russia
95%
Russia
95%
Spagna
95%
Stati Uniti
95%
Stati Uniti
95%
Stati Uniti
95%
Stati Uniti
95%
Stati Uniti
95%
Stati Uniti
95%
Stati Uniti
95%
Stati Uniti
95%
Algeria
94%
Algeria
94%
Arabia Saudita
94%
Argentina
94%
Argentina
94%
Australia
94%
Australia
94%
Australia
94%
Brasile
94%
Brasile
94%
Brasile
94%
Canada
94%
Canada
94%
Canada
94%
Canada
94%
Canada
94%
Canada
94%
Canada
94%
Canada
94%
Canada
94%
Canada
94%
Canada
94%
Canada
94%
Canada
94%
Canada
94%
Canada
94%
Canada
94%
Canada
94%
Canada
94%
Canada
94%
Canada
94%
Canada
94%
Canada
94%
Canada
94%
Canada
94%
Canada
94%
Canada
94%
Canada
94%
Cile
94%
Cina
94%
Cina
94%
Cina
94%
Cina
94%
Danimarca
94%
Danimarca
94%
Danimarca
94%
Egitto
94%
Francia
94%
Francia
94%
Giappone
94%
India
94%
India
94%
India
94%
Italia
94%
Italia
94%
Libia
94%
Madagascar
94%
Marocco
94%
Norvegia
94%
Norvegia
94%
Norvegia
94%
Perù
94%
Regno Unito
94%
Russia
94%
Russia
94%
Russia
94%
Russia
94%
Russia
94%
Russia
94%
Russia
94%
Russia
94%
Russia
94%
Russia
94%
Russia
94%
Russia
94%
Russia
94%
Russia
94%
Russia
94%
Russia
94%
Russia
94%
Russia
94%
Russia
94%
Russia
94%
Russia
94%
Russia
94%
Russia
94%
Russia
94%
Russia
94%
Russia
94%
Russia
94%
Russia
94%
Russia
94%
Russia
94%
Russia
94%
Russia
94%
Russia
94%
Russia
94%
Russia
94%
Russia
94%
Russia
94%
Russia
94%
Russia
94%
Russia
94%
Spagna
94%
Stati Uniti
94%
Stati Uniti
94%
Stati Uniti
94%
Stati Uniti
94%
Stati Uniti
94%
Stati Uniti
94%
Stati Uniti
94%
Stati Uniti
94%
Stati Uniti
94%
Stati Uniti
94%
Stati Uniti
94%
Stati Uniti
94%
Stati Uniti
94%
Stati Uniti
94%
Stati Uniti
94%
Stati Uniti
94%
Svezia
94%
Tunisia
94%
Turchia
94%
Arabia Saudita
93%
Argentina
93%
Argentina
93%
Australia
93%
Australia
93%
Australia
93%
Australia
93%
Australia
93%
Brasile
93%
Brasile
93%
Brasile
93%
Brasile
93%
Brasile
93%
Brasile
93%
Brasile
93%
Brasile
93%
Canada
93%
Canada
93%
Canada
93%
Canada
93%
Canada
93%
Canada
93%
Canada
93%
Canada
93%
Canada
93%
Canada
93%
Canada
93%
Canada
93%
Canada
93%
Canada
93%
Canada
93%
Canada
93%
Canada
93%
Canada
93%
Canada
93%
Canada
93%
Canada
93%
Canada
93%
Canada
93%
Canada
93%
Canada
93%
Canada
93%
Cile
93%
Cile
93%
Cile
93%
Cile
93%
Cina
93%
Cina
93%
Cina
93%
Cina
93%
Cina
93%
Cina
93%
Croazia
93%
Danimarca
93%
Danimarca
93%
Danimarca
93%
Danimarca
93%
Danimarca
93%
Danimarca
93%
Finlandia
93%
Finlandia
93%
Finlandia
93%
Finlandia
93%
India
93%
India
93%
Iran
93%
Irlanda
93%
Islanda
93%
Libia
93%
Messico
93%
Messico
93%
Messico
93%
Perù
93%
Polonia
93%
Portogallo
93%
Portogallo
93%
Repubblica Democratica del Congo
93%
Russia
93%
Russia
93%
Russia
93%
Russia
93%
Russia
93%
Russia
93%
Russia
93%
Russia
93%
Russia
93%
Russia
93%
Russia
93%
Russia
93%
Russia
93%
Russia
93%
Russia
93%
Russia
93%
Russia
93%
Russia
93%
Russia
93%
Russia
93%
Russia
93%
Russia
93%
Russia
93%
Russia
93%
Russia
93%
Russia
93%
Russia
93%
Russia
93%
Russia
93%
Russia
93%
Russia
93%
Russia
93%
Russia
93%
Russia
93%
Russia
93%
Russia
93%
Russia
93%
Spagna
93%
Stati Uniti
93%
Stati Uniti
93%
Stati Uniti
93%
Stati Uniti
93%
Stati Uniti
93%
Stati Uniti
93%
Stati Uniti
93%
Stati Uniti
93%
Stati Uniti
93%
Stati Uniti
93%
Stati Uniti
93%
Stati Uniti
93%
Stati Uniti
93%
Tunisia
93%
Venezuela
93%
Venezuela
93%
Albania
92%
Algeria
92%
Arabia Saudita
92%
Argentina
92%
Argentina
92%
Argentina
92%
Argentina
92%
Argentina
92%
Australia
92%
Australia
92%
Australia
92%
Brasile
92%
Brasile
92%
Brasile
92%
Brasile
92%
Brasile
92%
Brasile
92%
Brasile
92%
Brasile
92%
Brasile
92%
Brasile
92%
Brasile
92%
Brasile
92%
Brasile
92%
Brasile
92%
Brasile
92%
Canada
92%
Canada
92%
Canada
92%
Canada
92%
Canada
92%
Canada
92%
Canada
92%
Canada
92%
Canada
92%
Canada
92%
Canada
92%
Canada
92%
Canada
92%
Canada
92%
Canada
92%
Canada
92%
Canada
92%
Canada
92%
Canada
92%
Canada
92%
Canada
92%
Canada
92%
Canada
92%
Canada
92%
Canada
92%
Canada
92%
Cina
92%
Cina
92%
Cina
92%
Cina
92%
Cina
92%
Cina
92%
Cina
92%
Colombia
92%
Croazia
92%
Cuba
92%
Cuba
92%
Danimarca
92%
Danimarca
92%
Danimarca
92%
Danimarca
92%
Danimarca
92%
Egitto
92%
Francia
92%
India
92%
Iran
92%
Madagascar
92%
Madagascar
92%
Marocco
92%
Mauritania
92%
Messico
92%
Mongolia
92%
Oman
92%
Paraguay
92%
Perù
92%
Regno Unito
92%
Regno Unito
92%
Russia
92%
Russia
92%
Russia
92%
Russia
92%
Russia
92%
Russia
92%
Russia
92%
Russia
92%
Russia
92%
Russia
92%
Russia
92%
Russia
92%
Russia
92%
Russia
92%
Russia
92%
Russia
92%
Russia
92%
Russia
92%
Russia
92%
Russia
92%
Russia
92%
Russia
92%
Russia
92%
Russia
92%
Russia
92%
Russia
92%
Russia
92%
Russia
92%
Russia
92%
Russia
92%
Russia
92%
Russia
92%
Russia
92%
Russia
92%
Russia
92%
Russia
92%
Russia
92%
Russia
92%
Russia
92%
Russia
92%
Russia
92%
Russia
92%
Russia
92%
Russia
92%
Russia
92%
Russia
92%
Russia
92%
Slovenia
92%
Stati Uniti
92%
Stati Uniti
92%
Stati Uniti
92%
Stati Uniti
92%
Stati Uniti
92%
Stati Uniti
92%
Stati Uniti
92%
Stati Uniti
92%
Stati Uniti
92%
Stati Uniti
92%
Stati Uniti
92%
Stati Uniti
92%
Stati Uniti
92%
Stati Uniti
92%
Stati Uniti
92%
Stati Uniti
92%
Stati Uniti
92%
Stati Uniti
92%
Stati Uniti
92%
Stati Uniti
92%
Sudafrica
92%
Sudafrica
92%
Svezia
92%
Turchia
92%
Turchia
92%
Arabia Saudita
91%
Arabia Saudita
91%
Arabia Saudita
91%
Argentina
91%
Argentina
91%
Argentina
91%
Argentina
91%
Argentina
91%
Australia
91%
Australia
91%
Australia
91%
Brasile
91%
Brasile
91%
Brasile
91%
Brasile
91%
Brasile
91%
Brasile
91%
Canada
91%
Canada
91%
Canada
91%
Canada
91%
Canada
91%
Canada
91%
Canada
91%
Canada
91%
Cina
91%
Cina
91%
Cina
91%
Colombia
91%
Colombia
91%
Danimarca
91%
Danimarca
91%
Danimarca
91%
Islanda
91%
Libia
91%
Madagascar
91%
Marocco
91%
Marocco
91%
Norvegia
91%
Russia
91%
Russia
91%
Russia
91%
Russia
91%
Russia
91%
Russia
91%
Russia
91%
Russia
91%
Russia
91%
Russia
91%
Russia
91%
Russia
91%
Russia
91%
Russia
91%
Russia
91%
Russia
91%
Russia
91%
Russia
91%
Russia
91%
Russia
91%
Russia
91%
Russia
91%
Somalia
91%
Spagna
91%
Stati Uniti
91%
Stati Uniti
91%
Stati Uniti
91%
Stati Uniti
91%
Stati Uniti
91%
Stati Uniti
91%
Algeria
90%
Andorra
90%
Argentina
90%
Australia
90%
Australia
90%
Brasile
90%
Brasile
90%
Brasile
90%
Brasile
90%
Brasile
90%
Canada
90%
Canada
90%
Canada
90%
Canada
90%
Canada
90%
Canada
90%
Canada
90%
Canada
90%
Canada
90%
Canada
90%
Canada
90%
Cina
90%
Cina
90%
Colombia
90%
Corea del Nord
90%
Danimarca
90%
Danimarca
90%
Danimarca
90%
Danimarca
90%
Danimarca
90%
Finlandia
90%
India
90%
Islanda
90%
Madagascar
90%
Madagascar
90%
Madagascar
90%
Messico
90%
Norvegia
90%
Norvegia
90%
Paraguay
90%
Regno Unito
90%
Russia
90%
Russia
90%
Russia
90%
Russia
90%
Russia
90%
Russia
90%
Russia
90%
Russia
90%
Russia
90%
Russia
90%
Russia
90%
Russia
90%
Russia
90%
Russia
90%
Russia
90%
Somalia
90%
Stati Uniti
90%
Stati Uniti
90%
Stati Uniti
90%
Svizzera
90%
Turchia
90%
Turchia
90%
Turchia
90%
Uruguay
90%
Algeria
89%
Arabia Saudita
89%
Australia
89%
Australia
89%
Australia
89%
Australia
89%
Australia
89%
Brasile
89%
Brasile
89%
Brasile
89%
Canada
89%
Canada
89%
Canada
89%
Canada
89%
Canada
89%
Canada
89%
Canada
89%
Canada
89%
Canada
89%
Canada
89%
Cile
89%
Cile
89%
Cina
89%
Cina
89%
Cina
89%
Cina
89%
Cina
89%
Colombia
89%
Danimarca
89%
Danimarca
89%
Ecuador
89%
Estonia
89%
Filippine
89%
Francia
89%
Grecia
89%
India
89%
India
89%
Irlanda
89%
Italia
89%
Italia
89%
Messico
89%
Norvegia
89%
Paesi Bassi
89%
Regno Unito
89%
Russia
89%
Russia
89%
Russia
89%
Russia
89%
Russia
89%
Russia
89%
Russia
89%
Russia
89%
Russia
89%
Russia
89%
Russia
89%
Russia
89%
Russia
89%
Russia
89%
Russia
89%
Russia
89%
Russia
89%
Russia
89%
Russia
89%
Russia
89%
Russia
89%
Russia
89%
Russia
89%
Russia
89%
Russia
89%
Russia
89%
Russia
89%
Spagna
89%
Spagna
89%
Spagna
89%
Sri Lanka
89%
Stati Uniti
89%
Stati Uniti
89%
Stati Uniti
89%
Sudafrica
89%
Turchia
89%
Venezuela
89%
Yemen
89%
Argentina
88%
Australia
88%
Australia
88%
Australia
88%
Australia
88%
Australia
88%
Brasile
88%
Brasile
88%
Brasile
88%
Brasile
88%
Brasile
88%
Brasile
88%
Canada
88%
Canada
88%
Canada
88%
Canada
88%
Canada
88%
Canada
88%
Canada
88%
Canada
88%
Canada
88%
Cina
88%
Cina
88%
Cina
88%
Cina
88%
Cina
88%
Cina
88%
Cina
88%
Cina
88%
Cina
88%
Cina
88%
Cina
88%
Cina
88%
Cina
88%
Cina
88%
Colombia
88%
Cuba
88%
Danimarca
88%
Danimarca
88%
Danimarca
88%
Danimarca
88%
Danimarca
88%
Eritrea
88%
Filippine
88%
Finlandia
88%
Finlandia
88%
Francia
88%
Francia
88%
Francia
88%
Germania
88%
Giappone
88%
India
88%
India
88%
India
88%
Messico
88%
Messico
88%
Mongolia
88%
Norvegia
88%
Regno Unito
88%
Russia
88%
Russia
88%
Russia
88%
Russia
88%
Russia
88%
Russia
88%
Russia
88%
Russia
88%
Russia
88%
Russia
88%
Russia
88%
Russia
88%
Russia
88%
Russia
88%
Russia
88%
Russia
88%
Russia
88%
Russia
88%
Russia
88%
Russia
88%
Russia
88%
Russia
88%
Russia
88%
Russia
88%
Russia
88%
Russia
88%
Russia
88%
Russia
88%
Spagna
88%
Stati Uniti
88%
Stati Uniti
88%
Stati Uniti
88%
Stati Uniti
88%
Sudafrica
88%
Sudafrica
88%
Svezia
88%
Svezia
88%
Turchia
88%
Ucraina
88%
Venezuela
88%
Yemen
88%
Australia
87%
Australia
87%
Australia
87%
Australia
87%
Australia
87%
Australia
87%
Australia
87%
Australia
87%
Brasile
87%
Brasile
87%
Brasile
87%
Brasile
87%
Canada
87%
Canada
87%
Canada
87%
Canada
87%
Cina
87%
Cina
87%
Cina
87%
Cina
87%
Cina
87%
Corea del Sud
87%
Danimarca
87%
Egitto
87%
Egitto
87%
Egitto
87%
India
87%
India
87%
Italia
87%
Mali
87%
Marocco
87%
Marocco
87%
Messico
87%
Messico
87%
Perù
87%
Regno Unito
87%
Russia
87%
Russia
87%
Russia
87%
Russia
87%
Russia
87%
Russia
87%
Russia
87%
Russia
87%
Russia
87%
Russia
87%
Russia
87%
Russia
87%
Russia
87%
Russia
87%
Russia
87%
Russia
87%
Russia
87%
Russia
87%
Russia
87%
Russia
87%
Russia
87%
Stati Uniti
87%
Suriname
87%
Svezia
87%
Turchia
87%
Venezuela
87%
Venezuela
87%
Algeria
86%
Arabia Saudita
86%
Arabia Saudita
86%
Argentina
86%
Argentina
86%
Australia
86%
Australia
86%
Australia
86%
Brasile
86%
Brasile
86%
Brasile
86%
Brasile
86%
Canada
86%
Canada
86%
Cile
86%
Cile
86%
Cina
86%
Cina
86%
Cina
86%
Cina
86%
Cina
86%
Cina
86%
Cina
86%
Cina
86%
Cina
86%
Cina
86%
Cina
86%
Cuba
86%
Danimarca
86%
Etiopia
86%
Germania
86%
Grecia
86%
Grecia
86%
India
86%
India
86%
Indonesia
86%
Indonesia
86%
Iran
86%
Kazakistan
86%
Madagascar
86%
Madagascar
86%
Mali
86%
Marocco
86%
Messico
86%
Messico
86%
Messico
86%
Messico
86%
Norvegia
86%
Perù
86%
Perù
86%
Perù
86%
Regno Unito
86%
Russia
86%
Russia
86%
Russia
86%
Russia
86%
Russia
86%
Russia
86%
Russia
86%
Russia
86%
Russia
86%
Russia
86%
Russia
86%
Russia
86%
Russia
86%
Russia
86%
Russia
86%
Russia
86%
Russia
86%
Russia
86%
Russia
86%
Russia
86%
Russia
86%
Russia
86%
Russia
86%
Russia
86%
Somalia
86%
Stati Uniti
86%
Stati Uniti
86%
Stati Uniti
86%
Svezia
86%
Svizzera
86%
Turchia
86%
Ucraina
86%
Algeria
85%
Algeria
85%
Argentina
85%
Argentina
85%
Australia
85%
Australia
85%
Australia
85%
Australia
85%
Australia
85%
Brasile
85%
Brasile
85%
Brasile
85%
Canada
85%
Canada
85%
Canada
85%
Canada
85%
Cina
85%
Cina
85%
Cina
85%
Cina
85%
Cina
85%
Cina
85%
Cina
85%
Colombia
85%
Danimarca
85%
Danimarca
85%
Danimarca
85%
Estonia
85%
Germania
85%
India
85%
India
85%
Indonesia
85%
Libia
85%
Messico
85%
Mongolia
85%
Norvegia
85%
Paesi Bassi
85%
Pakistan
85%
Perù
85%
Polonia
85%
Russia
85%
Russia
85%
Russia
85%
Russia
85%
Russia
85%
Russia
85%
Russia
85%
Russia
85%
Russia
85%
Russia
85%
Russia
85%
Russia
85%
Russia
85%
Russia
85%
Russia
85%
Russia
85%
Stati Uniti
85%
Stati Uniti
85%
Taiwan
85%
Turchia
85%
Turchia
85%
Ucraina
85%
Arabia Saudita
84%
Argentina
84%
Australia
84%
Australia
84%
Bolivia
84%
Cina
84%
Cina
84%
Marocco
84%
Messico
84%
Paraguay
84%
Perù
84%
Russia
84%
Russia
84%
Russia
84%
Russia
84%
Russia
84%
Russia
84%
Turchia
84%
Algeria
83%
Arabia Saudita
83%
Arabia Saudita
83%
Argentina
83%
Australia
83%
Australia
83%
Australia
83%
Australia
83%
Australia
83%
Bahamas
83%
Belgio
83%
Bolivia
83%
Brasile
83%
Brasile
83%
Brasile
83%
Brasile
83%
Brasile
83%
Canada
83%
Canada
83%
Canada
83%
Canada
83%
Cina
83%
Cina
83%
Cina
83%
Cina
83%
Cina
83%
Cina
83%
Cina
83%
Cina
83%
Cina
83%
Cina
83%
Cina
83%
Corea del Sud
83%
Danimarca
83%
Danimarca
83%
Danimarca
83%
Danimarca
83%
Danimarca
83%
Danimarca
83%
Egitto
83%
Egitto
83%
Grecia
83%
India
83%
India
83%
India
83%
India
83%
India
83%
Lettonia
83%
Libia
83%
Libia
83%
Marocco
83%
Mongolia
83%
Paraguay
83%
Russia
83%
Russia
83%
Russia
83%
Russia
83%
Russia
83%
Russia
83%
Russia
83%
Russia
83%
Russia
83%
Russia
83%
Russia
83%
Russia
83%
Russia
83%
Russia
83%
Russia
83%
Russia
83%
Russia
83%
Russia
83%
Russia
83%
Russia
83%
Russia
83%
Russia
83%
Russia
83%
Russia
83%
Russia
83%
Russia
83%
Spagna
83%
Stati Federati di Micronesia
83%
Stati Uniti
83%
Stati Uniti
83%
Stati Uniti
83%
Sudafrica
83%
Sudan
83%
Svezia
83%
Turchia
83%
Ucraina
83%
Venezuela
83%
Algeria
82%
Argentina
82%
Argentina
82%
Australia
82%
Australia
82%
Australia
82%
Canada
82%
Canada
82%
Canada
82%
Cina
82%
Cina
82%
Cina
82%
Danimarca
82%
Danimarca
82%
Danimarca
82%
Filippine
82%
Giappone
82%
Grecia
82%
Grecia
82%
India
82%
India
82%
Indonesia
82%
Kazakistan
82%
Libia
82%
Libia
82%
Libia
82%
Libia
82%
Libia
82%
Messico
82%
Messico
82%
Messico
82%
Mongolia
82%
Mongolia
82%
Oman
82%
Polonia
82%
Romania
82%
Russia
82%
Russia
82%
Russia
82%
Russia
82%
Russia
82%
Russia
82%
Russia
82%
Russia
82%
Russia
82%
Russia
82%
Russia
82%
San Marino
82%
Siria
82%
Stati Uniti
82%
Stati Uniti
82%
Svezia
82%
Svezia
82%
Taiwan
82%
Venezuela
82%
Yemen
82%
Algeria
81%
Argentina
81%
Argentina
81%
Australia
81%
Australia
81%
Australia
81%
Bolivia
81%
Brasile
81%
Brasile
81%
Brasile
81%
Canada
81%
Canada
81%
Cile
81%
Cile
81%
Cina
81%
Cina
81%
Cuba
81%
Danimarca
81%
Danimarca
81%
Danimarca
81%
Danimarca
81%
Danimarca
81%
Danimarca
81%
India
81%
Mongolia
81%
Regno Unito
81%
Russia
81%
Russia
81%
Russia
81%
Russia
81%
Russia
81%
Russia
81%
Russia
81%
Russia
81%
Russia
81%
Spagna
81%
Svizzera
81%
Algeria
80%
Arabia Saudita
80%
Arabia Saudita
80%
Argentina
80%
Argentina
80%
Argentina
80%
Argentina
80%
Australia
80%
Australia
80%
Australia
80%
Australia
80%
Australia
80%
Australia
80%
Australia
80%
Bangladesh
80%
Brasile
80%
Brasile
80%
Brasile
80%
Brasile
80%
Canada
80%
Canada
80%
Canada
80%
Cina
80%
Cina
80%
Cina
80%
Cina
80%
Cina
80%
Cina
80%
Cina
80%
Cina
80%
Cina
80%
Cina
80%
Cina
80%
Cina
80%
Cina
80%
Cina
80%
Cina
80%
Cipro
80%
Colombia
80%
Colombia
80%
Colombia
80%
Danimarca
80%
Danimarca
80%
Danimarca
80%
Danimarca
80%
Danimarca
80%
Danimarca
80%
Danimarca
80%
Danimarca
80%
Danimarca
80%
Danimarca
80%
Ecuador
80%
Egitto
80%
Egitto
80%
Egitto
80%
Filippine
80%
Finlandia
80%
Finlandia
80%
Giappone
80%
Giappone
80%
India
80%
Indonesia
80%
Indonesia
80%
Iran
80%
Iraq
80%
Kazakistan
80%
Marocco
80%
Norvegia
80%
Norvegia
80%
Norvegia
80%
Nuova Zelanda
80%
Pakistan
80%
Panama
80%
Perù
80%
Regno Unito
80%
Russia
80%
Russia
80%
Russia
80%
Russia
80%
Russia
80%
Russia
80%
Russia
80%
Russia
80%
Russia
80%
Russia
80%
Russia
80%
Russia
80%
Russia
80%
Russia
80%
Russia
80%
Russia
80%
Slovenia
80%
Somalia
80%
Stati Uniti
80%
Stati Uniti
80%
Sudafrica
80%
Sudafrica
80%
Sudafrica
80%
Sudan
80%
Svezia
80%
Thailandia
80%
Tunisia
80%
Turchia
80%
Venezuela
80%
Yemen
80%
Algeria
79%
Arabia Saudita
79%
Arabia Saudita
79%
Argentina
79%
Argentina
79%
Argentina
79%
Australia
79%
Australia
79%
Bolivia
79%
Brasile
79%
Brasile
79%
Brasile
79%
Brasile
79%
Brasile
79%
Canada
79%
Cina
79%
Cina
79%
Cina
79%
Cina
79%
Colombia
79%
Cuba
79%
Danimarca
79%
Egitto
79%
Giappone
79%
India
79%
Indonesia
79%
Madagascar
79%
Mauritania
79%
Messico
79%
Mongolia
79%
Mongolia
79%
Mongolia
79%
Mozambico
79%
Nuova Zelanda
79%
Oman
79%
Russia
79%
Russia
79%
Russia
79%
Russia
79%
Russia
79%
Russia
79%
Russia
79%
Russia
79%
Russia
79%
Russia
79%
Russia
79%
Russia
79%
Russia
79%
Russia
79%
Russia
79%
Serbia
79%
Somalia
79%
Spagna
79%
Sudafrica
79%
Svezia
79%
Turchia
79%
Venezuela
79%
Venezuela
79%
Arabia Saudita
78%
Arabia Saudita
78%
Argentina
78%
Australia
78%
Australia
78%
Australia
78%
Australia
78%
Bahamas
78%
Brasile
78%
Cina
78%
Cina
78%
Cina
78%
Cina
78%
Colombia
78%
Corea del Nord
78%
Danimarca
78%
Egitto
78%
Germania
78%
Guyana
78%
India
78%
India
78%
India
78%
Kazakistan
78%
Kazakistan
78%
Libia
78%
Messico
78%
Messico
78%
Mongolia
78%
Russia
78%
Russia
78%
Russia
78%
Russia
78%
Russia
78%
Russia
78%
Russia
78%
Russia
78%
Sudafrica
78%
Uruguay
78%
Yemen
78%
Australia
77%
Australia
77%
Australia
77%
Australia
77%
Bolivia
77%
Cina
77%
Cina
77%
Cina
77%
Cina
77%
Cina
77%
Danimarca
77%
Danimarca
77%
Danimarca
77%
Germania
77%
India
77%
India
77%
Iran
77%
Iraq
77%
Libia
77%
Libia
77%
Lituania
77%
Messico
77%
Mongolia
77%
Mongolia
77%
Mongolia
77%
Perù
77%
Perù
77%
Russia
77%
Russia
77%
Russia
77%
Russia
77%
Russia
77%
Russia
77%
Russia
77%
Russia
77%
Russia
77%
Somalia
77%
Sudan
77%
Algeria
76%
Algeria
76%
Arabia Saudita
76%
Argentina
76%
Australia
76%
Australia
76%
Brasile
76%
Brasile
76%
Cina
76%
Colombia
76%
Emirati Arabi Uniti
76%
Giappone
76%
India
76%
India
76%
Indonesia
76%
Indonesia
76%
Iraq
76%
Messico
76%
Nicaragua
76%
Nuova Zelanda
76%
Panama
76%
Perù
76%
Polonia
76%
Russia
76%
Russia
76%
Russia
76%
Russia
76%
Stati Uniti
76%
Svezia
76%
Turchia
76%
Afghanistan
75%
Algeria
75%
Algeria
75%
Arabia Saudita
75%
Arabia Saudita
75%
Argentina
75%
Australia
75%
Australia
75%
Australia
75%
Australia
75%
Australia
75%
Australia
75%
Birmania
75%
Bolivia
75%
Brasile
75%
Cambogia
75%
Canada
75%
Cile
75%
Cile
75%
Cina
75%
Cina
75%
Cina
75%
Cina
75%
Cina
75%
Cina
75%
Corea del Nord
75%
Cuba
75%
Danimarca
75%
Danimarca
75%
Emirati Arabi Uniti
75%
Etiopia
75%
Filippine
75%
Giappone
75%
India
75%
India
75%
Indonesia
75%
Iran
75%
Iran
75%
Israele
75%
Italia
75%
Kazakistan
75%
Kazakistan
75%
Kazakistan
75%
Lettonia
75%
Libia
75%
Libia
75%
Mali
75%
Marocco
75%
Mongolia
75%
Mongolia
75%
Niger
75%
Panama
75%
Regno Unito
75%
Russia
75%
Russia
75%
Russia
75%
Russia
75%
Russia
75%
Russia
75%
Russia
75%
Russia
75%
Russia
75%
Somalia
75%
Stati Uniti
75%
Sudafrica
75%
Sudafrica
75%
Sudafrica
75%
Sudan
75%
Svezia
75%
Thailandia
75%
Ucraina
75%
Venezuela
75%
Vietnam
75%
Yemen
75%
Australia
74%
Australia
74%
Cambogia
74%
Cina
74%
Russia
74%
Russia
74%
Suriname
74%
Uruguay
74%
Albania
73%
Algeria
73%
Algeria
73%
Algeria
73%
Algeria
73%
Arabia Saudita
73%
Argentina
73%
Argentina
73%
Argentina
73%
Argentina
73%
Australia
73%
Australia
73%
Australia
73%
Austria
73%
Bolivia
73%
Bolivia
73%
Bolivia
73%
Bolivia
73%
Brasile
73%
Brasile
73%
Brasile
73%
Brasile
73%
Canada
73%
Cile
73%
Cina
73%
Cina
73%
Cina
73%
Cina
73%
Cina
73%
Cina
73%
Cina
73%
Cina
73%
Danimarca
73%
Danimarca
73%
Eritrea
73%
Finlandia
73%
Finlandia
73%
Giappone
73%
Giappone
73%
Honduras
73%
India
73%
India
73%
India
73%
India
73%
Indonesia
73%
Indonesia
73%
Indonesia
73%
Iran
73%
Iraq
73%
Libia
73%
Mongolia
73%
Mongolia
73%
Namibia
73%
Norvegia
73%
Oman
73%
Papua Nuova Guinea
73%
Papua Nuova Guinea
73%
Perù
73%
Repubblica Democratica del Congo
73%
Russia
73%
Russia
73%
Russia
73%
Russia
73%
Russia
73%
Russia
73%
Somalia
73%
Sudafrica
73%
Venezuela
73%
Australia
72%
Bielorussia
72%
Cina
72%
Cina
72%
Cina
72%
Croazia
72%
Egitto
72%
Indonesia
72%
Marocco
72%
Mongolia
72%
Perù
72%
Polonia
72%
Qatar
72%
Algeria
71%
Algeria
71%
Argentina
71%
Australia
71%
Australia
71%
Australia
71%
Australia
71%
Australia
71%
Bielorussia
71%
Bolivia
71%
Brasile
71%
Brasile
71%
Cina
71%
Cina
71%
Cina
71%
Cina
71%
Cina
71%
Cina
71%
Cina
71%
Cina
71%
Colombia
71%
Colombia
71%
Corea del Sud
71%
Danimarca
71%
Danimarca
71%
Danimarca
71%
Egitto
71%
Etiopia
71%
Etiopia
71%
Etiopia
71%
India
71%
India
71%
India
71%
India
71%
Indonesia
71%
Iran
71%
Iran
71%
Lesotho
71%
Libia
71%
Madagascar
71%
Mauritania
71%
Oman
71%
Pakistan
71%
Paraguay
71%
Perù
71%
Polonia
71%
Russia
71%
Russia
71%
Russia
71%
Somalia
71%
Sudafrica
71%
Thailandia
71%
Ungheria
71%
Venezuela
71%
Vietnam
71%
Vietnam
71%
Yemen
71%
Arabia Saudita
70%
Australia
70%
Australia
70%
Australia
70%
Australia
70%
Australia
70%
Bolivia
70%
Bolivia
70%
Bolivia
70%
Ciad
70%
Cina
70%
Cina
70%
Cina
70%
Ecuador
70%
Etiopia
70%
Filippine
70%
Filippine
70%
Indonesia
70%
Indonesia
70%
Indonesia
70%
Indonesia
70%
Iran
70%
Kenya
70%
Mauritania
70%
Mauritania
70%
Mongolia
70%
Mongolia
70%
Mongolia
70%
Mongolia
70%
Nuova Zelanda
70%
Pakistan
70%
Polonia
70%
Russia
70%
Russia
70%
Russia
70%
Russia
70%
Russia
70%
Sudafrica
70%
Sudan
70%
Tanzania
70%
Ucraina
70%
Ucraina
70%
Algeria
69%
Arabia Saudita
69%
Argentina
69%
Australia
69%
Australia
69%
Australia
69%
Australia
69%
Australia
69%
Bielorussia
69%
Bielorussia
69%
Brasile
69%
Brasile
69%
Capo Verde
69%
Ciad
69%
Cina
69%
Cina
69%
Cina
69%
Cina
69%
Cina
69%
Cina
69%
Danimarca
69%
Danimarca
69%
Egitto
69%
Eritrea
69%
Eritrea
69%
Estonia
69%
Filippine
69%
Giordania
69%
Kazakistan
69%
Libia
69%
Mali
69%
Mongolia
69%
Nepal
69%
Nuova Zelanda
69%
Nuova Zelanda
69%
Nuova Zelanda
69%
Pakistan
69%
Papua Nuova Guinea
69%
Paraguay
69%
Russia
69%
Russia
69%
Russia
69%
Sri Lanka
69%
Sudafrica
69%
Sudafrica
69%
Sudafrica
69%
Sudan
69%
Sudan
69%
Sudan
69%
Suriname
69%
Vietnam
69%
Cina
68%
Kazakistan
68%
Libia
68%
Lituania
68%
Malesia
68%
Mauritania
68%
Messico
68%
Mongolia
68%
Venezuela
68%
Algeria
67%
Algeria
67%
Algeria
67%
Angola
67%
Arabia Saudita
67%
Arabia Saudita
67%
Arabia Saudita
67%
Argentina
67%
Armenia
67%
Australia
67%
Australia
67%
Australia
67%
Australia
67%
Australia
67%
Australia
67%
Australia
67%
Australia
67%
Australia
67%
Australia
67%
Austria
67%
Azerbaijan
67%
Bahrain
67%
Belize
67%
Bielorussia
67%
Bolivia
67%
Bolivia
67%
Bolivia
67%
Brasile
67%
Canada
67%
Capo Verde
67%
Cina
67%
Cina
67%
Cina
67%
Cina
67%
Cina
67%
Cina
67%
Cina
67%
Cipro
67%
Corea del Nord
67%
Croazia
67%
Danimarca
67%
Ecuador
67%
Egitto
67%
Egitto
67%
El Salvador
67%
Etiopia
67%
Finlandia
67%
Germania
67%
Germania
67%
Haiti
67%
India
67%
India
67%
Indonesia
67%
Indonesia
67%
Iran
67%
Iran
67%
Iran
67%
Kazakistan
67%
Kazakistan
67%
Kazakistan
67%
Libia
67%
Libia
67%
Libia
67%
Lituania
67%
Lussemburgo
67%
Marocco
67%
Messico
67%
Mongolia
67%
Mongolia
67%
Niger
67%
Nigeria
67%
Nigeria
67%
Nigeria
67%
Nuova Zelanda
67%
Pakistan
67%
Pakistan
67%
Papua Nuova Guinea
67%
Polonia
67%
Repubblica Democratica del Congo
67%
Repubblica Democratica del Congo
67%
Repubblica Democratica del Congo
67%
Romania
67%
Russia
67%
Russia
67%
Russia
67%
Siria
67%
Somalia
67%
Stati Uniti
67%
Sudan
67%
Sudan
67%
Sudan
67%
Svezia
67%
Svezia
67%
Turchia
67%
Ucraina
67%
Ucraina
67%
Venezuela
67%
Zimbabwe
67%
Benin
65%
Bolivia
65%
Cile
65%
Cina
65%
Cina
65%
Cina
65%
Cina
65%
Finlandia
65%
India
65%
Indonesia
65%
Iran
65%
Italia
65%
Lituania
65%
Mongolia
65%
Ucraina
65%
Afghanistan
64%
Algeria
64%
Algeria
64%
Angola
64%
Angola
64%
Arabia Saudita
64%
Arabia Saudita
64%
Australia
64%
Australia
64%
Australia
64%
Australia
64%
Azerbaijan
64%
Bielorussia
64%
Ciad
64%
Cina
64%
Comoros
64%
Danimarca
64%
Germania
64%
Giamaica
64%
Giamaica
64%
Giappone
64%
Indonesia
64%
Iran
64%
Kazakistan
64%
Kazakistan
64%
Libano
64%
Libia
64%
Libia
64%
Madagascar
64%
Mauritania
64%
Mozambico
64%
Nuova Zelanda
64%
Perù
64%
Repubblica del Congo
64%
Russia
64%
Russia
64%
Slovacchia
64%
Somalia
64%
Sudafrica
64%
Tanzania
64%
Thailandia
64%
Uganda
64%
Algeria
63%
Botswana
63%
Brasile
63%
Burkina Faso
63%
Cina
63%
Cina
63%
Etiopia
63%
Giordania
63%
India
63%
Indonesia
63%
Indonesia
63%
Indonesia
63%
Iran
63%
Iraq
63%
Israele
63%
Kazakistan
63%
Kazakistan
63%
Kazakistan
63%
Kazakistan
63%
Moldavia
63%
Namibia
63%
Namibia
63%
Nuova Zelanda
63%
Pakistan
63%
Papua Nuova Guinea
63%
Paraguay
63%
Qatar
63%
Romania
63%
Russia
63%
Russia
63%
Sudafrica
63%
Sudan
63%
Ucraina
63%
Yemen
63%
Australia
62%
Australia
62%
Cina
62%
Cina
62%
Cina
62%
India
62%
Indonesia
62%
Kenya
62%
Mongolia
62%
Namibia
62%
Nicaragua
62%
Oman
62%
Paesi Bassi
62%
Pakistan
62%
Repubblica Democratica del Congo
62%
Somalia
62%
Somalia
62%
Sri Lanka
62%
Sudan
62%
Sud Sudan
62%
Angola
61%
Arabia Saudita
61%
Argentina
61%
Australia
61%
Bahamas
61%
Cina
61%
Guyana
61%
Haiti
61%
Iraq
61%
Siria
61%
Sudan
61%
Ucraina
61%
Venezuela
61%
Algeria
60%
Australia
60%
Australia
60%
Australia
60%
Azerbaijan
60%
Bangladesh
60%
Bangladesh
60%
Bulgaria
60%
Cina
60%
Cina
60%
Corea del Nord
60%
Corea del Nord
60%
Corea del Sud
60%
Costa Rica
60%
Danimarca
60%
Filippine
60%
Francia
60%
Guyana
60%
Iran
60%
Iraq
60%
Israele
60%
Kazakistan
60%
Kazakistan
60%
Kazakistan
60%
Kuwait
60%
Liberia
60%
Libia
60%
Malesia
60%
Mauritania
60%
Messico
60%
Mozambico
60%
Mozambico
60%
Polonia
60%
Russia
60%
Ucraina
60%
Ungheria
60%
Angola
59%
Angola
59%
Botswana
59%
Gabon
59%
Kazakistan
59%
Kazakistan
59%
Kazakistan
59%
Kazakistan
59%
Namibia
59%
Niger
59%
Niger
59%
Niger
59%
Pakistan
59%
Papua Nuova Guinea
59%
Papua Nuova Guinea
59%
Repubblica Centrafricana
59%
Repubblica Democratica del Congo
59%
Somalia
59%
Taiwan
59%
Ucraina
59%
Arabia Saudita
58%
Arabia Saudita
58%
Australia
58%
Belgio
58%
Botswana
58%
Botswana
58%
Brasile
58%
Costa Rica
58%
Filippine
58%
Guyana
58%
India
58%
Indonesia
58%
Indonesia
58%
Iran
58%
Iran
58%
Kazakistan
58%
Maldive
58%
Moldavia
58%
Montenegro
58%
Mozambico
58%
Mozambico
58%
Nepal
58%
Niger
58%
Nigeria
58%
Nuova Zelanda
58%
Polonia
58%
Repubblica Democratica del Congo
58%
Repubblica Democratica del Congo
58%
Repubblica Democratica del Congo
58%
Romania
58%
Russia
58%
Serbia
58%
Siria
58%
Sudan
58%
Tanzania
58%
Tanzania
58%
Turchia
58%
Uganda
58%
Vietnam
58%
Afghanistan
57%
Afghanistan
57%
Angola
57%
Australia
57%
Australia
57%
Bahamas
57%
Birmania
57%
Bulgaria
57%
Cina
57%
Cina
57%
Cina
57%
Ecuador
57%
Etiopia
57%
Iran
57%
Iran
57%
Kazakistan
57%
Kazakistan
57%
Kazakistan
57%
Libia
57%
Mali
57%
Mongolia
57%
Nepal
57%
Niger
57%
Nigeria
57%
Repubblica Democratica del Congo
57%
Romania
57%
Sudan
57%
Thailandia
57%
Ucraina
57%
Uruguay
57%
Vietnam
57%
Zambia
57%
Angola
56%
Angola
56%
Armenia
56%
Birmania
56%
Bosnia ed Erzegovina
56%
Capo Verde
56%
Ciad
56%
Ciad
56%
Cina
56%
Emirati Arabi Uniti
56%
Etiopia
56%
Filippine
56%
Ghana
56%
Honduras
56%
Indonesia
56%
Indonesia
56%
Indonesia
56%
Indonesia
56%
Indonesia
56%
Indonesia
56%
Iran
56%
Iraq
56%
Kazakistan
56%
Kazakistan
56%
Kazakistan
56%
Kenya
56%
Laos
56%
Laos
56%
Laos
56%
Libia
56%
Libia
56%
Namibia
56%
Repubblica del Congo
56%
Repubblica Democratica del Congo
56%
Repubblica Democratica del Congo
56%
Spagna
56%
Sudan
56%
Sud Sudan
56%
Tanzania
56%
Thailandia
56%
Turkmenistan
56%
Venezuela
56%
Zambia
56%
Algeria
55%
Angola
55%
Arabia Saudita
55%
Azerbaijan
55%
Birmania
55%
Bosnia ed Erzegovina
55%
Cina
55%
Cina
55%
Filippine
55%
India
55%
India
55%
Indonesia
55%
Indonesia
55%
Kazakistan
55%
Kazakistan
55%
Laos
55%
Libia
55%
Macedonia del Nord
55%
Mauritania
55%
Mozambico
55%
Nepal
55%
Norvegia
55%
Pakistan
55%
Repubblica Centrafricana
55%
Repubblica Democratica del Congo
55%
Repubblica Democratica del Congo
55%
Repubblica Dominicana
55%
Sudan
55%
Tanzania
55%
Thailandia
55%
Uganda
55%
Afghanistan
54%
Arabia Saudita
54%
Bolivia
54%
Bulgaria
54%
Camerun
54%
Cile
54%
Cina
54%
Indonesia
54%
Iran
54%
Kazakistan
54%
Kazakistan
54%
Kenya
54%
Mali
54%
Mali
54%
Niger
54%
Niger
54%
Nigeria
54%
Papua Nuova Guinea
54%
Paraguay
54%
Turkmenistan
54%
Ucraina
54%
Angola
53%
Angola
53%
Camerun
53%
Ciad
53%
Cile
53%
Danimarca
53%
Danimarca
53%
Etiopia
53%
Georgia
53%
India
53%
Indonesia
53%
Iraq
53%
Kazakistan
53%
Kazakistan
53%
Kazakistan
53%
Lettonia
53%
Mongolia
53%
Paraguay
53%
Regno Unito
53%
Repubblica Democratica del Congo
53%
Repubblica Democratica del Congo
53%
Repubblica Democratica del Congo
53%
Senegal
53%
Sudan
53%
Sudan
53%
Sud Sudan
53%
Turchia
53%
Ucraina
53%
Indonesia
52%
Angola
50%
Australia
50%
Birmania
50%
Bolivia
50%
Botswana
50%
Cambogia
50%
Ciad
50%
Ciad
50%
Cile
50%
Costa d'Avorio
50%
Danimarca
50%
Ecuador
50%
Eritrea
50%
Etiopia
50%
Etiopia
50%
Filippine
50%
Francia
50%
Georgia
50%
Ghana
50%
Gibuti
50%
Honduras
50%
India
50%
India
50%
Indonesia
50%
Indonesia
50%
Indonesia
50%
Kazakistan
50%
Kazakistan
50%
Kazakistan
50%
Kazakistan
50%
Kazakistan
50%
Kazakistan
50%
Kazakistan
50%
Kazakistan
50%
Kazakistan
50%
Kazakistan
50%
Kazakistan
50%
Kazakistan
50%
Kazakistan
50%
Kenya
50%
Kenya
50%
Kiribati
50%
Malesia
50%
Mali
50%
Mauritania
50%
Mauritania
50%
Mauritania
50%
Messico
50%
Mongolia
50%
Mozambico
50%
Namibia
50%
Namibia
50%
Namibia
50%
Namibia
50%
Niger
50%
Niger
50%
Nigeria
50%
Oman
50%
Pakistan
50%
Pakistan
50%
Pakistan
50%
Papua Nuova Guinea
50%
Papua Nuova Guinea
50%
Polonia
50%
Portogallo
50%
Portogallo
50%
Regno Unito
50%
Repubblica Democratica del Congo
50%
Repubblica Democratica del Congo
50%
Repubblica Democratica del Congo
50%
Repubblica Democratica del Congo
50%
Repubblica Democratica del Congo
50%
Repubblica Dominicana
50%
Romania
50%
Romania
50%
Serbia
50%
Seychelles
50%
Siria
50%
Sudafrica
50%
Sudan
50%
Trinidad e Tobago
50%
Uzbekistan
50%
Vietnam
50%
Vietnam
50%
Guinea
48%
Kazakistan
48%
Singapore
48%
Austria
47%
Bulgaria
47%
Ghana
47%
Indonesia
47%
Kazakistan
47%
Kazakistan
47%
Kazakistan
47%
Kenya
47%
Mauritania
47%
Mozambico
47%
Nigeria
47%
Nigeria
47%
Pakistan
47%
Repubblica Democratica del Congo
47%
Russia
47%
Senegal
47%
Sudafrica
47%
Sud Sudan
47%
Thailandia
47%
Togo
47%
Vietnam
47%
Algeria
46%
Birmania
46%
Etiopia
46%
Gabon
46%
Guinea
46%
Guinea
46%
Indonesia
46%
Kazakistan
46%
Kenya
46%
Malesia
46%
Mali
46%
Mongolia
46%
Namibia
46%
Niger
46%
Pakistan
46%
Repubblica Democratica del Congo
46%
Repubblica Democratica del Congo
46%
Repubblica Democratica del Congo
46%
Ungheria
46%
Vietnam
46%
Angola
45%
Australia
45%
Burkina Faso
45%
Camerun
45%
Ciad
45%
Gambia
45%
Indonesia
45%
Iran
45%
Iran
45%
Iraq
45%
Kazakistan
45%
Libia
45%
Marocco
45%
Mozambico
45%
Polonia
45%
Portogallo
45%
Repubblica Ceca
45%
Sao Tome e Principe
45%
Senegal
45%
Slovacchia
45%
Sudan
45%
Tanzania
45%
Thailandia
45%
Thailandia
45%
Turchia
45%
Uzbekistan
45%
Afghanistan
44%
Angola
44%
Australia
44%
Bosnia ed Erzegovina
44%
Colombia
44%
Etiopia
44%
Francia
44%
Indonesia
44%
Iran
44%
Kazakistan
44%
Kazakistan
44%
Mali
44%
Mali
44%
Mauritania
44%
Mauritania
44%
Papua Nuova Guinea
44%
Repubblica Ceca
44%
Repubblica Centrafricana
44%
Repubblica Centrafricana
44%
Repubblica del Congo
44%
Senegal
44%
Sudan
44%
Sud Sudan
44%
Thailandia
44%
Thailandia
44%
Togo
44%
Turkmenistan
44%
Algeria
43%
Bangladesh
43%
Ciad
43%
Kazakistan
43%
Kazakistan
43%
Malesia
43%
Malesia
43%
Mali
43%
Nicaragua
43%
Repubblica Centrafricana
43%
Repubblica del Congo
43%
Sudan
43%
Tanzania
43%
Thailandia
43%
Uzbekistan
43%
Venezuela
43%
Zambia
43%
Angola
42%
Birmania
42%
Birmania
42%
Ciad
42%
Ciad
42%
Etiopia
42%
Francia
42%
Gabon
42%
Guatemala
42%
Haiti
42%
Indonesia
42%
Kazakistan
42%
Mali
42%
Mali
42%
Mauritania
42%
Niger
42%
Pakistan
42%
Repubblica Centrafricana
42%
Saint Vincent e Grenadine
42%
Sudan
42%
Turkmenistan
42%
Iran
41%
Kazakistan
41%
Niger
41%
Oman
41%
Tanzania
41%
Afghanistan
40%
Algeria
40%
Algeria
40%
Birmania
40%
Camerun
40%
Ciad
40%
Ciad
40%
Cina
40%
Isole Salomone
40%
Kazakistan
40%
Kenya
40%
Malawi
40%
Mali
40%
Mali
40%
Mauritania
40%
Mauritania
40%
Mozambico
40%
Mozambico
40%
Namibia
40%
Nicaragua
40%
Niger
40%
Paraguay
40%
Repubblica Centrafricana
40%
Repubblica Democratica del Congo
40%
Repubblica Democratica del Congo
40%
Sao Tome e Principe
40%
Sudan
40%
Tunisia
40%
Zambia
40%
Sudan
39%
Sud Sudan
39%
Turkmenistan
39%
Ungheria
39%
Algeria
38%
Angola
38%
Benin
38%
Birmania
38%
Birmania
38%
Botswana
38%
Brunei
38%
Camerun
38%
Camerun
38%
Cile
38%
Cina
38%
Costa d'Avorio
38%
Georgia
38%
Indonesia
38%
Iran
38%
Iran
38%
Iran
38%
Isole Marshall
38%
Kazakistan
38%
Kazakistan
38%
Kirghizistan
38%
Mali
38%
Mali
38%
Mauritania
38%
Mauritania
38%
Namibia
38%
Niger
38%
Nigeria
38%
Oman
38%
Papua Nuova Guinea
38%
Portogallo
38%
Repubblica Ceca
38%
Repubblica Democratica del Congo
38%
Sierra Leone
38%
Sud Sudan
38%
Thailandia
38%
Trinidad e Tobago
38%
Uganda
38%
Zambia
38%
Zimbabwe
38%
Pakistan
37%
Afghanistan
36%
Afghanistan
36%
Angola
36%
Angola
36%
Barbados
36%
Birmania
36%
Birmania
36%
Burkina Faso
36%
Burkina Faso
36%
Burkina Faso
36%
Ciad
36%
Ciad
36%
Ciad
36%
Dominica
36%
Gambia
36%
Iraq
36%
Kosovo
36%
Laos
36%
Malawi
36%
Namibia
36%
Niger
36%
Niger
36%
Sudan
36%
Swaziland
36%
Tanzania
36%
Tanzania
36%
Tonga
36%
Yemen
36%
Zambia
36%
Zambia
36%
Mali
35%
Sud Sudan
35%
Uzbekistan
35%
Afghanistan
33%
Algeria
33%
Birmania
33%
Birmania
33%
Botswana
33%
Costa d'Avorio
33%
Costa d'Avorio
33%
Figi
33%
Figi
33%
Giappone
33%
Isole Salomone
33%
Kazakistan
33%
Mali
33%
Mauritania
33%
Mauritania
33%
Niger
33%
Nigeria
33%
Repubblica Ceca
33%
Repubblica Centrafricana
33%
Repubblica del Congo
33%
Ruanda
33%
Stati Federati di Micronesia
33%
Sudan
33%
Sudan
33%
Tagikistan
33%
Tanzania
33%
Timor Est
33%
Turkmenistan
33%
Turkmenistan
33%
Uzbekistan
33%
Uzbekistan
33%
Zambia
33%
Zimbabwe
33%
Ciad
32%
Iran
32%
Guinea
31%
Guinea Equatoriale
31%
Kenya
31%
Mali
31%
Niger
31%
Nigeria
31%
Senegal
31%
Sudan
31%
Uzbekistan
31%
Angola
30%
Austria
30%
Ciad
30%
Giordania
30%
Guyana
30%
Kazakistan
30%
Kirghizistan
30%
Kiribati
30%
Tanzania
30%
Uzbekistan
30%
Zimbabwe
30%
Angola
29%
Botswana
29%
Guatemala
29%
Indonesia
29%
Mali
29%
Mauritania
29%
Nigeria
29%
Nigeria
29%
Repubblica Democratica del Congo
29%
Sierra Leone
29%
Stati Federati di Micronesia
29%
Tanzania
29%
Tanzania
29%
Turkmenistan
29%
Uganda
29%
Uzbekistan
29%
Algeria
28%
Burundi
28%
Ghana
28%
Algeria
27%
Bhutan
27%
Botswana
27%
Gabon
27%
Kenya
27%
Namibia
27%
Nigeria
27%
Repubblica Centrafricana
27%
Togo
27%
Zambia
27%
Camerun
25%
Ciad
25%
Ciad
25%
Kazakistan
25%
Kirghizistan
25%
Kirghizistan
25%
Malawi
25%
Namibia
25%
Repubblica Centrafricana
25%
Repubblica del Congo
25%
Repubblica Democratica del Congo
25%
Repubblica Democratica del Congo
25%
Samoa
25%
Tagikistan
25%
Timor Est
25%
Turkmenistan
25%
Turkmenistan
25%
Vanuatu
25%
Zambia
25%
Zimbabwe
25%
Zimbabwe
25%
Afghanistan
24%
Francia
24%
Santa Lucia
24%
Sud Sudan
24%
Tanzania
24%
Costa d'Avorio
23%
Kiribati
23%
Namibia
23%
Repubblica del Congo
23%
Sud Sudan
23%
Uzbekistan
23%
Uzbekistan
23%
Zimbabwe
23%
Ciad
22%
Figi
22%
Guinea Equatoriale
22%
Isole Salomone
22%
Isole Salomone
22%
Laos
22%
Paesi Bassi
22%
Repubblica del Congo
22%
Saint Kitts e Nevis
22%
Turkmenistan
22%
Vanuatu
22%
Antigua e Barbuda
21%
Iran
21%
Mauritius
21%
Papua Nuova Guinea
21%
Sud Sudan
21%
Tagikistan
21%
Turkmenistan
21%
Botswana
20%
Costa d'Avorio
20%
Guinea-Bissau
20%
Moldavia
20%
Nigeria
20%
Repubblica Centrafricana
20%
Sud Sudan
20%
Uzbekistan
20%
Vanuatu
20%
Benin
19%
Guinea-Bissau
19%
Palau
19%
Benin
18%
Francia
18%
Gabon
18%
Ghana
18%
Isole Salomone
18%
Repubblica Democratica del Congo
18%
Tuvalu
18%
Zambia
18%
Isole Marshall
17%
Liberia
17%
Liechtenstein
17%
Nauru
17%
Repubblica Centrafricana
17%
Saint Kitts e Nevis
17%
Isole Salomone
16%
Kiribati
16%
Sudan
16%
Mozambico
15%
Slovacchia
15%
Zambia
15%
Afghanistan
14%
Camerun
14%
Grenada
14%
Samoa
14%
Afghanistan
13%
Botswana
13%
Francia
13%
Isole Marshall
13%
Isole Salomone
13%
Isole Salomone
13%
Kirghizistan
13%
Papua Nuova Guinea
13%
Zambia
13%
Francia
12%
Vanuatu
12%
Antigua e Barbuda
11%
Camerun
11%
Guatemala
11%
Niger
11%
Uzbekistan
11%
Guinea
10%
Palau
10%
Birmania
9%
Stati Federati di Micronesia
9%
Tagikistan
9%
Turkmenistan
8%
Uzbekistan
8%
Ciad
7%
Isole Salomone
7%
Kirghizistan
7%
Turkmenistan
7%
Paesi Bassi
6%
Tagikistan
6%
Tagikistan
6%
Vanuatu
6%
Mozambico
0%
Nessun quiz corrispondente trovato
Distribuzione punteggi
Percentuale di utenti per punteggio
Percentile per numero di risposta
I tuoi punteggi nel tempo
Non hai fatto questo quiz